Két dudás a csádában

Bibliographic Details
Main Authors: Grendel, Lajos, 1948-2018 (Author), -lamér- (Author)
Other Authors: Prikler, László (gup)
Format: Article
Language:Hungarian
PhysicalDescription:Fot. 1.
Subjects:

MARC

LEADER 00000nab a2200000 a 4500
001 vtls000466668
003 SK-MaSNL
005 20260319073908.0
008 160202c1992 xo 0 hun
015 |a SNBRB19rr/mm-uuuuu 
035 |a CL0466801 
040 |a SNKBUCL  |b slo  |c SNKBUCL  |e AACR2 
041 0 |a hun 
044 |a xo  |c SK 
080 |a 82:05(437=945.11)=945.11  |2 1981 
080 |a 05(437=945.11)=945.11  |2 1981 
080 |a 05  |2 1981 
100 1 |a Grendel, Lajos,  |d 1948-2018  |4 aut  |9 185584 
245 1 0 |a Két dudás a csádában  |c Lajos Grendel, -lamér- ; László Prikler 
300 |b Fot. 1. 
630 0 7 |a Kalligram (časopis)  |2 snkbucl  |9 20781 
655 7 |a články z novín a časopisov  |2 snkbucl  |9 267496 
655 7 |a články z odboru literárna veda a krásna literatúra  |2 snkbucl  |9 770045 
700 1 |a -lamér-  |4 aut  |9 864193 
700 1 |a Prikler, László  |4 gup  |9 514446 
773 0 |t A Hét  |g Roč. 37, č. 26 (1992), s. 6 
850 |a Slovenská národná knižnica v Martine  |a MTA001 
852 |a SNK  |b KIS3GCP 
958 |a RK 
958 |a HU 
958 |a LX 
992 |a RBX 
999 |c 1561921  |d 1563851